<?xml version="1.0" encoding="UTF-8"?><?xml-stylesheet type="text/xsl" href="static/style.xsl"?><OAI-PMH xmlns="http://www.openarchives.org/OAI/2.0/" xmlns:xsi="http://www.w3.org/2001/XMLSchema-instance" xsi:schemaLocation="http://www.openarchives.org/OAI/2.0/ http://www.openarchives.org/OAI/2.0/OAI-PMH.xsd"><responseDate>2026-06-03T18:57:22Z</responseDate><request verb="GetRecord" identifier="oai:riuma.uma.es:10630/10049" metadataPrefix="marc">https://riuma.uma.es/rest/oai/request</request><GetRecord><record><header><identifier>oai:riuma.uma.es:10630/10049</identifier><datestamp>2026-02-03T11:51:56Z</datestamp><setSpec>com_10630_2254</setSpec><setSpec>col_10630_37959</setSpec></header><metadata><record xmlns="http://www.loc.gov/MARC21/slim" xmlns:dcterms="http://purl.org/dc/terms/" xmlns:doc="http://www.lyncode.com/xoai" xmlns:xsi="http://www.w3.org/2001/XMLSchema-instance" xsi:schemaLocation="http://www.loc.gov/MARC21/slim http://www.loc.gov/standards/marcxml/schema/MARC21slim.xsd">
   <leader>00925njm 22002777a 4500</leader>
   <datafield ind2=" " ind1=" " tag="042">
      <subfield code="a">dc</subfield>
   </datafield>
   <datafield ind2=" " ind1=" " tag="720">
      <subfield code="a">Castilla-Mora, María Rosario</subfield>
      <subfield code="e">author</subfield>
   </datafield>
   <datafield ind2=" " ind1=" " tag="720">
      <subfield code="a">Palma-García, María de las Olas</subfield>
      <subfield code="e">author</subfield>
   </datafield>
   <datafield ind2=" " ind1=" " tag="260">
      <subfield code="c">2015-07-07</subfield>
   </datafield>
   <datafield ind2=" " ind1=" " tag="520">
      <subfield code="a">La realidad del Maltrato a Personas Mayores (MPM) en el ámbito familiar sigue siendo en la actualidad una situación invisibilizada, a pesar de ser considerada una de las preocupaciones sociales, políticas y profesionales de mayor urgencia y gravedad en los últimos años. Se considera MPM todo aquello que pueda causar daño intencional físico o mental, abuso sexual, negación de la comida necesaria, ropa o cuidado médico para cubrir las necesidades físicas y mentales necesarias de una persona mayor por parte de la persona que tiene la responsabilidad del cuidado o custodia de una persona mayor. Nos referimos con ello, a un fenómeno social, complejo y colectivo que se produce tanto en el ámbito socio-comunitario, como en el institucional y familiar. El presente trabajo recoge un estudio de tipo descriptivo sobre 259 casos de MPM desde el ámbito familiar detectados por el Distrito Sanitario de Málaga durante el periodo 2001-2010. Los resultados coinciden con la literatura relacionada respecto al (1) perfil de la víctima, mujer de 73 años de media; (2) del agresor, fundamentalmente hombre de su entorno familiar; y (3) a la interacción de diferentes factores de riesgo asociados al maltrato. Se concluye sobre la necesidad de avanzar en la prevención y actuación integral ante el MPM, a través de mayor formación especializada a los profesionales y la puesta en marcha de mecanismos adecuados de coordinación.</subfield>
   </datafield>
   <datafield ind1="8" ind2=" " tag="024">
      <subfield code="a">http://hdl.handle.net/10630/10049</subfield>
   </datafield>
   <datafield tag="653" ind2=" " ind1=" ">
      <subfield code="a">Violencia familiar</subfield>
   </datafield>
   <datafield tag="653" ind2=" " ind1=" ">
      <subfield code="a">Ancianos</subfield>
   </datafield>
   <datafield ind2="0" ind1="0" tag="245">
      <subfield code="a">La realidad del maltrato familiar a personas mayores.</subfield>
   </datafield>
</record>
</metadata></record></GetRecord></OAI-PMH>